| 000 | 00468nam a2200181Ia 4500 | ||
|---|---|---|---|
| 999 |
_c1550 _d1550 |
||
| 003 | OSt | ||
| 005 | 20200930123220.0 | ||
| 008 | 190216s9999||||xx |||||||||||||| ||und|| | ||
| 020 | _a8177540157 | ||
| 040 | _coclc | ||
| 082 |
_a635.8 _bDEY/M |
||
| 100 |
_aDey, S C _95194 |
||
| 245 | 0 |
_aMushroom Growing / _cS C Dey |
|
| 260 |
_bAgrobios, _aJodhpur: _c2004. |
||
| 300 | _a92p | ||
| 650 | _aBotany | ||
| 942 |
_cBK _2ddc _h635.8 _iDEY/M _k635.8 _mDEY/M |
||